书目信息 |
| 题名: |
风景园林苗圃学
|
|
| 作者: | 赵和文 主编 | |
| 分册: | ||
| 出版信息: | 北京 中国林业出版社 2017.11 |
|
| 页数: | 465页 | |
| 开本: | 26cm | |
| 丛书名: | ||
| 单 册: | ||
| 中图分类: | S680.4 , S723 | |
| 科图分类: | ||
| 主题词: | 苗圃学--高等学校--教材 , 造林 , 造林--技术 | |
| 电子资源: | ||
| ISBN: | 978-7-5038-9242-4 | |
| 000 | 01093nam0 2200289 450 | |
| 001 | 986 | |
| 005 | 20180927091524.33 | |
| 010 | @a978-7-5038-9242-4@dCNY42.00 | |
| 100 | @a20180315d2017 em y0chiy50 ea | |
| 101 | 0 | @achi |
| 102 | @aCN@b110000 | |
| 105 | @aa z 000yy | |
| 200 | 1 | @a风景园林苗圃学@9feng jing yuan lin miao pu xue@f赵和文主编 |
| 210 | @a北京@c中国林业出版社@d2017.11 | |
| 215 | @a465页@c图@d26cm | |
| 300 | @a全国普通高等教育“十三五”规划教材 | |
| 312 | @a封面英文题名:Nursery gardening of landscape | |
| 330 | @a本书共十一章,系统阐述了苗木生产与经营全过程,包括园林苗圃的规划设计与建立、园林树木的种子生产与品质检验、苗木的播种繁殖和营养繁殖、苗木抚育与大苗培育、苗木质量评价与出圃、苗圃常见病虫草害及防治、设施育苗、园林苗圃的经营管理、常见园林植物的繁殖与培育等方面内容。 | |
| 510 | 1 | @aNursery gardening of landscape@zeng |
| 606 | 0 | @x苗圃学@x高等学校@j教材 |
| 606 | 0 | @a造林 |
| 606 | 0 | @a造林@x技术 |
| 690 | @aS680.4@v5 | |
| 690 | @aS723@v4 | |
| 701 | 0 | @a赵和文@9zhao he wen@4主编 |
| 801 | 0 | @aCN@b91MARC@c20180315 |
| 905 | @aMuseLib@dS723@e106 | |
| 风景园林苗圃学/赵和文主编.-北京:中国林业出版社,2017.11 |
| 465页:图;26cm |
| 全国普通高等教育“十三五”规划教材 |
| ISBN 978-7-5038-9242-4:CNY42.00 |
| 本书共十一章,系统阐述了苗木生产与经营全过程,包括园林苗圃的规划设计与建立、园林树木的种子生产与品质检验、苗木的播种繁殖和营养繁殖、苗木抚育与大苗培育、苗木质量评价与出圃、苗圃常见病虫草害及防治、设施育苗、园林苗圃的经营管理、常见园林植物的繁殖与培育等方面内容。 |
| ● |
| 相关链接 |
|
|
|
|
正题名:风景园林苗圃学
索取号:S723/106
 
预约/预借
| 序号 | 登录号 | 条形码 | 馆藏地/架位号 | 状态 | 备注 |
| 1 | 1120619 | 211206194 | 第二样本阅览室/ [索取号:S723/106] | 在馆 | |
| 2 | 1120620 | 211206201 | 密集书库-资源管理系/ [索取号:S723/106] | 在馆 | |
| 3 | 1120621 | 211206210 | 第三借阅区/ [索取号:S723/106] | 在馆 | |
| 4 | 1120622 | 211206229 | 第三借阅区/ [索取号:S723/106] | 在馆 | |
| 5 | 1120623 | 211206238 | 第三借阅区/ [索取号:S723/106] | 在馆 |